00258nam a2200109Ia 4500008004100000041001200041082001100053100001400064245005700078260000600135650000700141221030s9999 xx 000 0 und d aEnglish a105.23 aU. Pareek 0aUnderstanding Organisational Behaviourcby U. Pareek c0 aMb